| 000 | 00382nam a22001577a 4500 | ||
|---|---|---|---|
| 003 | SGT | ||
| 020 | _a9788131246979 | ||
| 082 |
_a617.643 _bO19G |
||
| 100 | _a Lee W. Graber | ||
| 245 | _aOrthodontics: Current Principles and Techniques | ||
| 250 | _aFirst SA | ||
| 260 |
_aNEW DELHI _bElsevier India _c2019 |
||
| 300 | _a1-1016 | ||
| 650 | _aOrthodontics | ||
| 942 |
_2ddc _cBK _018 |
||
| 999 |
_c20863 _d20863 |
||